Zabezpečovanie kvality z pohľadu prosperity a konkurencieschopnosti

Zabezpečovanie kvality a manažérske prístupy k zabezpečovaniu kvality. Vývoj manažérstva kvality. Systémy manažérstva kvality. Norma ISO 9001 a ďalšie normy týkajúce sa systému riadenia procesov v organizácii.

Na minha lista:
Detalhes bibliográficos
Autor principal: Kollár, Vojtech
Formato: Capítulo de Livro
Idioma:eslovaco
Assuntos:
Tags: Adicionar Tag
Sem tags, seja o primeiro a adicionar uma tag!

MARC

LEADER 00000nla a2200000 4500
001 0246583
005 20240502073946.2
041 0 |a slo 
044 |a SK 
245 1 0 |a Zabezpečovanie kvality z pohľadu prosperity a konkurencieschopnosti  |c Vojtech Kollár 
520 |a Zabezpečovanie kvality a manažérske prístupy k zabezpečovaniu kvality. Vývoj manažérstva kvality. Systémy manažérstva kvality. Norma ISO 9001 a ďalšie normy týkajúce sa systému riadenia procesov v organizácii. 
610 2 0 |a kvalita 
610 2 0 |a riadenie kvality 
610 2 0 |a systémy riadenia 
610 2 0 |a normy ISO 
610 2 0 |a podnik 
610 2 0 |a konkurencieschopnosť 
610 2 0 |a prosperita ekonomická 
610 2 0 |a história 
100 1 |a Kollár, Vojtech